[Event "Online Olym Div2 B"]
[Site "Chess.com INT"]
[Date "2020.08.15"]
[Round "4.6"]
[White "Limanovska, Elizabete"]
[Black "Avramidou, Anastasia"]
[Result "0-1"]
[WhiteElo "2179"]
[BlackElo "2267"]
[PlyCount "44"]
[EventDate "2020.08.14"]
[EventType "team-tourn (rapid)"]
[EventRounds "9"]
[EventCountry "USA"]
[SourceTitle "CBM 198"]
[Source "ChessBase"]
[SourceDate "2020.10.31"]
[SourceVersion "1"]
[SourceVersionDate "2020.10.31"]
[SourceQuality "1"]
[WhiteTeam "Latvia"]
[BlackTeam "Greece"]
[WhiteTeamCountry "LAT"]
[BlackTeamCountry "GRE"]

1. e4 g6 2. d4 Bg7 3. Nc3 c6 4. f4 d5 5. e5 Nh6 6. Nf3 0-0 7. Be2 f6 8. 0-0 Bg4 9. Kh1 Nd7 10. Be3 Qb6 11. Qd2 Rad8 12. Nd1 e6 13. h3 Bxf3 14. Bxf3 Qc7 15. c3 c5 16. Bf2 Nf5 17. g4 Ne7 18. exf6 Nxf6 19. Re1 Ne4 20. Bxe4 dxe4 21. Rxe4 Qc6 22. Qe1 Rxf4 0-1

[Event "Keres Memorial (Women)"]
[Site "Tallinn"]
[Date "2020.07.29"]
[Round "4"]
[White "Limanovska, Elizabete"]
[Black "Norlamo, Sarabella"]
[Result "1-0"]
[WhiteElo "2179"]
[BlackElo "2023"]
[PlyCount "109"]
[EventDate "2020.07.27"]
[EventType "tourn"]
[EventRounds "9"]
[EventCountry "EST"]
[SourceTitle "CBM 197 Extra"]
[Source "ChessBase"]
[SourceDate "2020.09.30"]
[SourceVersion "1"]
[SourceVersionDate "2020.09.30"]
[SourceQuality "1"]

1. e4 e5 2. Nf3 Nc6 3. Bc4 Nf6 4. d3 Be7 5. 0-0 0-0 6. Re1 d6 7. a4 Be6 8. Nbd2 Nd7 9. c3 a5 10. b3 Qe8 11. Nf1 Bxc4 12. bxc4 f5 13. exf5 Rxf5 14. Ne3 Rf8 15. Nd5 Bd8 16. Rb1 b6 17. Be3 Ne7 18. Nxe7+ Bxe7 19. d4 Rd8 20. Qe2 Qh5 21. Rb5 Rf5 22. Qc2 Rdf8 23. Nd2 Bg5 24. f3 Bxe3+ 25. Rxe3 Qh6 26. Nf1 Qg5 27. Qd3 Qg6 28. Ng3 Rg5 29. Qe2 h5 30. Rb2 h4 31. Ne4 Rgf5 32. h3 Nf6 33. Nxf6+ gxf6 34. Re4 Qh6 35. Qe1 Rf4 36. Rbe2 Kf7 37. Rxf4 Qxf4 38. dxe5 dxe5 39. Re4 Qg3 40. Qd2 Ke7 41. Rg4 Rd8 42. Qe2 Kd6 43. Rxg3 hxg3 44. Qe1 Rg8 45. Qe4 c6 46. Qf5 Rf8 47. Qg6 Kc5 48. Qxg3 Kxc4 49. Qe1 Rd8 50. Qe4+ Kc5 51. Qe3+ Kc4 52. Qxb6 Rd1+ 53. Kh2 Kxc3 54. Qxc6+ Kb4 55. Qb5+ 1-0

[Event "EU-ch rapid"]
[Site "Tallinn"]
[Date "2019.12.05"]
[Round "1"]
[White "Limanovska, Elizabete"]
[Black "Pershin, Denis"]
[Result "0-1"]
[WhiteElo "1945"]
[BlackElo "2509"]
[PlyCount "58"]
[EventDate "2019.12.05"]
[EventType "swiss"]
[EventRounds "13"]
[EventCountry "EST"]
[SourceTitle "CBM 193 Extra"]
[Source "ChessBase"]
[SourceDate "2020.01.31"]
[SourceVersion "1"]
[SourceVersionDate "2020.01.31"]
[SourceQuality "1"]

1. e4 c6 2. d4 d5 3. Nc3 dxe4 4. Nxe4 Nf6 5. Nxf6+ exf6 6. c3 Bd6 7. Bd3 0-0 8. Ne2 Re8 9. 0-0 Qc7 10. h3 Nd7 11. Be3 Nf8 12. Qd2 Bd7 13. c4 Rad8 14. Rfe1 Ng6 15. Qc2 Qc8 16. Ng3 Bb8 17. Rad1 Nh4 18. Bxh7+ Kh8 19. Be4 Bxh3 20. Bc1 Bg4 21. Ne2 Bh5 22. f3 g5 23. Kf2 Kg7 24. Rh1 Bg6 25. Bxg6 fxg6 26. Bf4 Rxe2+ 27. Qxe2 Re8 28. Qd3 Bxf4 29. g3 Re3 0-1

[Event "EU-ch rapid (Women)"]
[Site "Monte Carlo"]
[Date "2019.11.30"]
[Round "3"]
[White "Osmak, Iulija"]
[Black "Limanovska, Elizabete"]
[Result "1-0"]
[WhiteElo "2401"]
[BlackElo "2178"]
[PlyCount "73"]
[EventDate "2019.11.30"]
[EventType "swiss (rapid)"]
[EventRounds "11"]
[EventCountry "MNC"]
[SourceTitle "CBM 193 Extra"]
[Source "ChessBase"]
[SourceDate "2020.01.31"]
[SourceVersion "1"]
[SourceVersionDate "2020.01.31"]
[SourceQuality "1"]

1. d4 Nf6 2. Bg5 Ne4 3. Bf4 d5 4. e3 Bf5 5. f3 Nd6 6. Nc3 e6 7. Nge2 g5 8. Bg3 h5 9. h4 Bh6 10. hxg5 Bxg5 11. Bf4 h4 12. b3 Nc6 13. Qd2 Bf6 14. 0-0-0 Qd7 15. Kb1 0-0-0 16. Nc1 Bg6 17. Nd3 Qe7 18. Ne5 Bxe5 19. dxe5 Nf5 20. Ne2 f6 21. exf6 Qxf6 22. Nd4 Nce7 23. Nb5 e5 24. Qa5 Qb6 25. Qxb6 axb6 26. Bxe5 Nxe3 27. Bxh8 Bxc2+ 28. Kc1 Bxd1 29. Bd4 N7f5 30. Bxe3 Nxe3 31. Bd3 c5 32. Nc3 c4 33. Nxd1 Nxd1 34. Bf5+ Kc7 35. Kxd1 c3 36. Kc2 d4 37. Rxh4 1-0

[Event "EU-ch blitz (Women)"]
[Site "Monte Carlo"]
[Date "2019.11.29"]
[Round "6"]
[White "Limanovska, Elizabete"]
[Black "Worek, Joanna"]
[Result "1-0"]
[WhiteElo "2178"]
[BlackElo "2316"]
[PlyCount "107"]
[EventDate "2019.11.29"]
[EventType "swiss (blitz)"]
[EventRounds "13"]
[EventCountry "MNC"]
[SourceTitle "CBM 193 Extra"]
[Source "ChessBase"]
[SourceDate "2020.01.31"]
[SourceVersion "1"]
[SourceVersionDate "2020.01.31"]
[SourceQuality "1"]

1. e4 c5 2. Nf3 Nc6 3. Bb5 g6 4. Bxc6 dxc6 5. d3 Bg7 6. 0-0 e5 7. a3 Qe7 8. b4 Nf6 9. Nbd2 0-0 10. Nc4 Nd7 11. Qe2 h6 12. bxc5 Nxc5 13. Be3 b5 14. Ncd2 Ne6 15. Nb3 a5 16. a4 b4 17. Qd2 Kh7 18. Ne1 Ba6 19. Nxa5 Qd6 20. Nb3 f5 21. exf5 gxf5 22. Rb1 f4 23. Bb6 Ng5 24. Bc5 Qg6 25. f3 Rfd8 26. Qe2 Re8 27. Nd2 Bb7 28. Rxb4 Bc8 29. Kh1 Ra5 30. Bb6 Ra8 31. Ne4 Nf7 32. a5 Ba6 33. Nc5 Bb5 34. c4 Ba6 35. Nxa6 Rxa6 36. Qe4 Nd6 37. Qxg6+ Kxg6 38. Rf2 Nf5 39. Kg1 Bf8 40. Rb1 Ne3 41. Nc2 Nf5 42. Kf1 Rb8 43. Nb4 Bxb4 44. Rxb4 Ne3+ 45. Ke2 Nc2 46. Rb2 Nd4+ 47. Bxd4 Rxb2+ 48. Bxb2 Kf5 49. Bc3 Ra8 50. Rf1 Rb8 51. Ra1 h5 52. a6 Ra8 53. a7 h4 54. Ra5 1-0

[Event "EU-chT (Women) 22nd"]
[Site "Batumi"]
[Date "2019.11.01"]
[Round "8.3"]
[White "Lauterbach, Ingrid"]
[Black "Limanovska, Elizabete"]
[Result "0-1"]
[WhiteElo "2078"]
[BlackElo "2186"]
[PlyCount "76"]
[EventDate "2019.10.24"]
[EventType "team-swiss"]
[EventRounds "9"]
[EventCountry "GEO"]
[SourceTitle "CBM 192 Extra"]
[Source "Chessbase"]
[SourceDate "2019.11.06"]
[SourceVersion "1"]
[SourceVersionDate "2019.11.06"]
[SourceQuality "1"]
[WhiteTeam "England (W)"]
[BlackTeam "Latvia (W)"]
[WhiteTeamCountry "ENG"]
[BlackTeamCountry "LAT"]

1. e4 e5 2. Nc3 Bc5 3. g3 Nf6 4. Bg2 a5 5. d3 d6 6. Nf3 Nc6 7. 0-0 0-0 8. Be3 Bxe3 9. fxe3 Ne7 10. Qe2 c6 11. Nd1 b5 12. Nh4 Be6 13. Nf5 Qd7 14. Qf3 Ne8 15. Nf2 Rc8 16. Nxe7+ Qxe7 17. Bh3 Nc7 18. Bf5 d5 19. c3 f6 20. exd5 cxd5 21. Bxe6+ Qxe6 22. e4 Rfd8 23. Rfe1 d4 24. Rec1 Na6 25. a3 dxc3 26. Rxc3 Rxc3 27. bxc3 Qb3 28. Qg4 Nc5 29. d4 Qxc3 30. Rb1 Qxd4 31. Rxb5 Nd3 32. Qe2 Nxf2 33. Qxf2 Qxe4 34. Qa2+ Kh8 35. Rb1 h6 36. Qb2 Qe3+ 37. Kh1 Rd2 38. Qb7 Qf2 0-1

[Event "EU-chT (Women) 22nd"]
[Site "Batumi"]
[Date "2019.10.27"]
[Round "4.12"]
[White "Limanovska, Elizabete"]
[Black "Cvitan, Ena"]
[Result "1/2-1/2"]
[WhiteElo "2186"]
[BlackElo "2182"]
[PlyCount "82"]
[EventDate "2019.10.24"]
[EventType "team-swiss"]
[EventRounds "9"]
[EventCountry "GEO"]
[SourceTitle "CBM 192 Extra"]
[Source "Chessbase"]
[SourceDate "2019.11.06"]
[SourceVersion "1"]
[SourceVersionDate "2019.11.06"]
[SourceQuality "1"]
[WhiteTeam "Latvia (W)"]
[BlackTeam "Croatia (W)"]
[WhiteTeamCountry "LAT"]
[BlackTeamCountry "CRO"]

1. e4 c6 2. Nf3 d5 3. exd5 cxd5 4. Ne5 Nc6 5. d4 Qb6 6. Nc3 e6 7. Bb5 Bb4 8. 0-0 Nge7 9. a4 0-0 10. Ne2 f6 11. Nxc6 bxc6 12. Bd3 e5 13. c3 Bd6 14. b4 e4 15. Bc2 Qc7 16. h3 Be6 17. Ba3 Qd7 18. b5 Bb8 19. bxc6 Qc7 20. Ng3 Nf5 21. Qe1 Re8 22. f4 Nxg3 23. Qxg3 Qxc6 24. a5 Bd6 25. Ba4 Qxa4 26. Bxd6 Qc6 27. f5 Bd7 28. Rae1 Qc8 29. Bc5 Bxf5 30. Re3 Bg6 31. Qf4 Qa6 32. Bb4 Rac8 33. h4 Kh8 34. g4 h6 35. Rf2 Qc6 36. g5 fxg5 37. hxg5 h5 38. Rh3 Kg8 39. Qe3 Qd7 40. Rh4 Qd8 41. Kh1 Qd7 1/2-1/2

[Event "Helsinki U20 Girls"]
[Site "Helsinki"]
[Date "2019.08.17"]
[Round "7"]
[White "Limanovska, Elizabete"]
[Black "Nilssen, Ellen Fredericia"]
[Result "1-0"]
[WhiteElo "2169"]
[BlackElo "2140"]
[PlyCount "119"]
[EventDate "2019.08.14"]
[EventType "tourn"]
[EventRounds "9"]
[EventCountry "FIN"]
[SourceTitle "CBM 191 Extra"]
[Source "ChessBase"]
[SourceDate "2019.09.30"]
[SourceVersion "1"]
[SourceVersionDate "2019.09.30"]
[SourceQuality "1"]

1. e4 e6 2. d4 d5 3. Nd2 c5 4. exd5 exd5 5. Ngf3 Nc6 6. Bb5 cxd4 7. Nxd4 Bd7 8. N2f3 Be7 9. 0-0 Nf6 10. Re1 0-0 11. Bxc6 bxc6 12. Ne5 Rc8 13. Nxd7 Qxd7 14. Qf3 Rfe8 15. Bg5 Ne4 16. Bxe7 Qxe7 17. Re3 Qb4 18. Nb3 Re6 19. Rae1 Rce8 20. c3 Qb6 21. Nd4 Rf6 22. Qe2 c5 23. Nb3 Rfe6 24. Qd1 Qd6 25. f3 Ng5 26. Qd2 Rxe3 27. Rxe3 Rxe3 28. Qxe3 Ne6 29. Nc1 h6 30. Nd3 d4 31. cxd4 cxd4 32. Qe4 a6 33. b4 g6 34. a4 Kh7 35. Qb7 Kg7 36. a5 Nf4 37. Qb6 Ne2+ 38. Kf1 Qe7 39. Qc5 Qe3 40. Qe5+ Qxe5 41. Nxe5 Nc3 42. Nc6 Nd5 43. Ke2 Kf6 44. Kd3 Ke6 45. Nxd4+ Kd6 46. Nc2 Nf4+ 47. Kc4 Nxg2 48. b5 axb5+ 49. Kxb5 Kc7 50. a6 Nf4 51. Ne3 g5 52. Nc4 Ne6 53. Na5 Nd4+ 54. Kc4 Nc6 55. Nxc6 Kxc6 56. Kd4 f5 57. Ke5 f4 58. Kf5 Kb6 59. h3 Kxa6 60. Kg6 1-0

[Event "Helsinki U20 Girls"]
[Site "Helsinki"]
[Date "2019.08.14"]
[Round "1"]
[White "Simkunaite, Gabija"]
[Black "Limanovska, Elizabete"]
[Result "0-1"]
[WhiteElo "1978"]
[BlackElo "2169"]
[PlyCount "90"]
[EventDate "2019.08.14"]
[EventType "tourn"]
[EventRounds "9"]
[EventCountry "FIN"]
[SourceTitle "CBM 191 Extra"]
[Source "ChessBase"]
[SourceDate "2019.09.30"]
[SourceVersion "1"]
[SourceVersionDate "2019.09.30"]
[SourceQuality "1"]

1. e4 c5 2. c3 Nf6 3. e5 Nd5 4. d4 cxd4 5. Nf3 d6 6. cxd4 dxe5 7. Nxe5 Nc6 8. Nxc6 bxc6 9. Nc3 g6 10. Nxd5 Qxd5 11. Be2 Bg7 12. Be3 0-0 13. 0-0 Bf5 14. Qa4 Be4 15. f3 Bf5 16. Rac1 Bd7 17. Rc5 Qd6 18. Rd1 Rab8 19. b4 Be6 20. a3 Bd5 21. Bc4 Qe6 22. Qb3 Bxc4 23. Rxc4 a5 24. Rd3 axb4 25. Rxb4 Rxb4 26. Qxb4 Qd7 27. a4 e5 28. Rd2 Qc7 29. dxe5 Bxe5 30. f4 Rb8 31. Qe4 Bf6 32. f5 Ra8 33. fxg6 hxg6 34. Rc2 Qa5 35. Rf2 Bg7 36. Qf4 Qd5 37. Rd2 Qb3 38. a5 Bc3 39. Rf2 Rxa5 40. g4 Ra1+ 41. Kg2 Ra4 42. Qc7 Rxg4+ 43. Kf3 Qe6 44. h3 Re4 45. Bh6 Qd5 0-1

[Event "LAT-ch (Women)"]
[Site "Riga"]
[Date "2019.05.04"]
[Round "6"]
[White "Limanovska, Elizabete"]
[Black "Krumina, Linda"]
[Result "0-1"]
[WhiteElo "2218"]
[BlackElo "2095"]
[PlyCount "104"]
[EventDate "2019.04.29"]
[EventType "swiss"]
[EventRounds "7"]
[EventCountry "LAT"]
[SourceTitle "CBM 190 Extra"]
[Source "ChessBase"]
[SourceDate "2019.07.15"]
[SourceVersion "1"]
[SourceVersionDate "2019.07.15"]
[SourceQuality "1"]

1. e4 Nf6 2. e5 Nd5 3. d4 d6 4. exd6 cxd6 5. Be2 g6 6. Nf3 Bg7 7. 0-0 0-0 8. c4 Nf6 9. b3 d5 10. Bb2 Nc6 11. Nbd2 Bf5 12. Ne5 Rc8 13. Nxc6 Rxc6 14. c5 Ne4 15. b4 Rc8 16. Nxe4 Bxe4 17. Qd2 h5 18. b5 Kh7 19. Qb4 h4 20. f3 Bf5 21. Bc1 e5 22. Be3 exd4 23. Bxd4 Bxd4+ 24. Qxd4 Qe7 25. Rf2 Rxc5 26. g3 Rfc8 27. Rd1 b6 28. Bf1 Qg5 29. f4 Qd8 30. Bg2 Rxb5 31. Bxd5 Bg4 32. Rdd2 Rc1+ 33. Rf1 Rxf1+ 34. Kxf1 Rb1+ 35. Kg2 Qe7 36. Qe4 h3+ 37. Kf2 Qc5+ 38. Qd4 Qc1 39. Ke3 Qe1+ 40. Kd3 Qf1+ 41. Kc3 Bf5 42. Be4 Qc1+ 43. Kd3 Qa3+ 44. Ke2 Bg4+ 45. Kf2 Rc1 46. Qd5 Be6 47. Bxg6+ fxg6 48. Qxe6 Qc5+ 49. Ke2 Qb5+ 50. Rd3 Rc2+ 51. Ke3 Qc5+ 52. Rd4 Qc3+ 0-1

[Event "Rilton Cup 48th"]
[Site "Stockholm"]
[Date "2019.01.03"]
[Round "7"]
[White "Limanovska, Elizabete"]
[Black "Wallace, John Paul"]
[Result "1/2-1/2"]
[WhiteElo "2071"]
[BlackElo "2367"]
[PlyCount "116"]
[EventDate "2018.12.27"]
[EventType "swiss"]
[EventRounds "9"]
[EventCountry "SWE"]
[SourceTitle "CBM 188 Extra"]
[Source "ChessBase"]
[SourceDate "2019.02.26"]
[SourceVersion "1"]
[SourceVersionDate "2019.02.26"]
[SourceQuality "1"]

1. e4 c5 2. Nf3 a6 3. c3 d5 4. exd5 Qxd5 5. d4 e6 6. Be2 Nf6 7. 0-0 Nbd7 8. c4 Qd6 9. Nc3 cxd4 10. Nxd4 Be7 11. Be3 0-0 12. Qc2 Qc7 13. Rfd1 Ne5 14. h3 Bd7 15. b3 Rac8 16. a4 Kh8 17. Bf1 Rg8 18. Qe2 Ng6 19. g3 h6 20. Bg2 Rce8 21. Nc2 Bc8 22. a5 Nd7 23. Na4 f5 24. Qh5 Kh7 25. Bb6 Qb8 26. Qe2 e5 27. Ne3 Rgf8 28. Nd5 Bd8 29. Bxd8 Rxd8 30. Rd2 e4 31. Rad1 Rde8 32. Nab6 Nde5 33. Nxc8 Qxc8 34. Nb6 Qc7 35. Nd7 Rf7 36. Nxe5 Nxe5 37. Rd5 Ree7 38. g4 g6 39. gxf5 gxf5 40. Qh5 Rf6 41. Kh1 Rg7 42. Bxe4 fxe4 43. Qxe5 Qxe5 44. Rxe5 Rf3 45. Rh5 Rxb3 46. Rd6 Rg6 47. Rxg6 Kxg6 48. Re5 Rxh3+ 49. Kg2 Rh5 50. Rxe4 Rxa5 51. Re7 Rg5+ 52. Kh3 Rf5 53. Rxb7 Rxf2 54. Rb6+ Rf6 55. c5 Kg7 56. c6 Rf3+ 57. Kg4 Rc3 58. Rxa6 Kf6 1/2-1/2

[Event "Rilton Cup 48th"]
[Site "Stockholm"]
[Date "2018.12.28"]
[Round "2"]
[White "Limanovska, Elizabete"]
[Black "Soumya, Swaminathan"]
[Result "1-0"]
[WhiteElo "2071"]
[BlackElo "2428"]
[PlyCount "57"]
[EventDate "2018.12.27"]
[EventType "swiss"]
[EventRounds "9"]
[EventCountry "SWE"]
[SourceTitle "CBM 188 Extra"]
[Source "ChessBase"]
[SourceDate "2019.02.26"]
[SourceVersion "1"]
[SourceVersionDate "2019.02.26"]
[SourceQuality "1"]

1. e4 c5 2. Nf3 Nc6 3. Bb5 g6 4. Bxc6 dxc6 5. d3 Bg7 6. h3 e5 7. 0-0 Qe7 8. a3 Nf6 9. b4 Nd7 10. Nbd2 a5 11. bxc5 a4 12. Nc4 Qxc5 13. Be3 Qe7 14. d4 exd4 15. Bxd4 0-0 16. Bxg7 Kxg7 17. Qd4+ f6 18. Nd6 b6 19. Rad1 Ba6 20. Rfe1 Rfd8 21. e5 f5 22. Qb2 c5 23. e6+ Nf6 24. Qxb6 Be2 25. Qxc5 Kg8 26. Rxe2 Ne4 27. Rxe4 fxe4 28. Ng5 Rac8 29. Qe5 1-0

[Event "Wch U18 Girls"]
[Site "Porto Carras"]
[Date "2018.10.30"]
[Round "11.20"]
[White "Limanovska, Elizabete"]
[Black "Miller, Rachel"]
[Result "1-0"]
[WhiteElo "2072"]
[BlackElo "1859"]
[PlyCount "157"]
[EventDate "2018.10.20"]
[EventType "swiss"]
[EventRounds "11"]
[EventCountry "GRE"]
[SourceTitle "CBM 187 Extra"]
[Source "ChessBase"]
[SourceDate "2018.11.04"]
[SourceVersion "1"]
[SourceVersionDate "2018.11.04"]
[SourceQuality "1"]

1. e4 e5 2. Nf3 Nc6 3. Bb5 a6 4. Ba4 Nf6 5. d3 d6 6. c3 g6 7. 0-0 Bg7 8. h3 0-0 9. Bg5 b5 10. Bc2 h6 11. Be3 d5 12. Qe2 Be6 13. Rd1 Qc8 14. Nbd2 Rd8 15. Nb3 a5 16. Nc5 dxe4 17. dxe4 Bc4 18. Qe1 Nh5 19. Rxd8+ Nxd8 20. b3 Be6 21. Rd1 Nb7 22. Nxe6 Qxe6 23. Bd3 Nd6 24. Qe2 Nf6 25. Bc5 Nb7 26. Be3 Nd6 27. Nd2 c6 28. c4 a4 29. cxb5 axb3 30. axb3 cxb5 31. Bxb5 Ndxe4 32. Nxe4 Nxe4 33. Qd3 Nf6 34. Bc4 e4 35. Qd2 Qe5 36. Bxh6 Nh5 37. Bxg7 Nxg7 38. Qd5 Qxd5 39. Bxd5 Rb8 40. Re1 Nh5 41. Bc4 Nf6 42. g4 g5 43. Ra1 e3 44. fxe3 Ne4 45. Ra5 Kf8 46. Rf5 f6 47. Bd5 Rb4 48. Bxe4 Rxe4 49. Rxf6+ Ke7 50. Rf3 Rb4 51. Kf2 Rxb3 52. Rf5 Rb2+ 53. Kg3 Re2 54. Rxg5 Rxe3+ 55. Kh4 Kf6 56. Ra5 Kg6 57. Ra4 Rb3 58. Rf4 Ra3 59. g5 Ra1 60. Rf6+ Kg7 61. Kh5 Ra4 62. Rb6 Ra7 63. h4 Rc7 64. Rb5 Ra7 65. g6 Ra4 66. Kg5 Ra8 67. Rb7+ Kg8 68. Kh6 Rc8 69. h5 Ra8 70. Rb6 Rf8 71. Kg5 Ra8 72. h6 Ra5+ 73. Kf6 Ra8 74. h7+ Kh8 75. Kg5 Kg7 76. Rb7+ Kh8 77. Kh6 Rg8 78. hxg8Q+ Kxg8 79. Rb8# 1-0

[Event "Wch U18 Girls"]
[Site "Porto Carras"]
[Date "2018.10.27"]
[Round "8"]
[White "Dong, Khanh Linh"]
[Black "Limanovska, Elizabete"]
[Result "1/2-1/2"]
[WhiteElo "1879"]
[BlackElo "2072"]
[PlyCount "90"]
[EventDate "2018.10.20"]
[EventType "swiss"]
[EventRounds "11"]
[EventCountry "GRE"]
[SourceTitle "CBM 187 Extra"]
[Source "ChessBase"]
[SourceDate "2018.11.04"]
[SourceVersion "1"]
[SourceVersionDate "2018.11.04"]
[SourceQuality "1"]

1. d4 Nf6 2. Nf3 e6 3. g3 b6 4. Bg2 Bb7 5. 0-0 Be7 6. c4 0-0 7. Nc3 Ne4 8. Nxe4 Bxe4 9. Ne1 Bxg2 10. Nxg2 f5 11. d5 Bf6 12. Rb1 Qe7 13. a3 e5 14. e4 fxe4 15. Re1 d6 16. h4 Nd7 17. b4 a5 18. Rxe4 axb4 19. axb4 Qf7 20. Qe2 b5 21. h5 bxc4 22. Ne3 Nb6 23. Rg4 Bd8 24. Nxc4 Qxd5 25. Bh6 Rf7 26. Nxb6 cxb6 27. Rd1 Qe6 28. Be3 Bc7 29. h6 g6 30. Rc4 d5 31. Rc2 Re8 32. Rdc1 Bd6 33. Bxb6 Bxb4 34. Rc6 Qf5 35. Qb5 d4 36. Rf1 Bf8 37. Rc7 Ree7 38. Rxe7 Rxe7 39. Bc5 Rf7 40. Qe8 Qg5 41. Bxf8 Rxf8 42. Qe6+ Kh8 43. Re1 Qxh6 44. Rxe5 Qg7 45. Rd5 Qf6 1/2-1/2

[Event "Wch U18 Girls"]
[Site "Porto Carras"]
[Date "2018.10.24"]
[Round "6"]
[White "Avramidou, Anastasia"]
[Black "Limanovska, Elizabete"]
[Result "1-0"]
[WhiteElo "2285"]
[BlackElo "2072"]
[PlyCount "113"]
[EventDate "2018.10.20"]
[EventType "swiss"]
[EventRounds "11"]
[EventCountry "GRE"]
[SourceTitle "CBM 187 Extra"]
[Source "ChessBase"]
[SourceDate "2018.11.04"]
[SourceVersion "1"]
[SourceVersionDate "2018.11.04"]
[SourceQuality "1"]

1. d4 Nf6 2. Nf3 e6 3. e3 b6 4. Bd3 Bb7 5. 0-0 Be7 6. c4 0-0 7. Nc3 d5 8. b3 c5 9. Bb2 cxd4 10. exd4 Na6 11. Ne5 Nc7 12. Rc1 Rc8 13. Qe2 Nd7 14. Rfd1 Bd6 15. Bb1 Qe7 16. Rd3 f5 17. Na4 Bxe5 18. dxe5 Na6 19. Rcd1 Ndc5 20. Ba3 Qc7 21. Nxc5 Nxc5 22. Rd4 Rcd8 23. cxd5 Rxd5 24. Rxd5 Bxd5 25. Rc1 Qb7 26. Bxc5 bxc5 27. f3 Qb4 28. Bd3 Rd8 29. Ba6 Qd4+ 30. Kh1 Bc6 31. Bc4 Kf7 32. h3 Qd2 33. Rc2 Qf4 34. a3 Rd4 35. a4 Bd5 36. Kg1 Qg3 37. a5 Ba8 38. a6 Rh4 39. Qf2 Qxf2+ 40. Kxf2 Rd4 41. Be2 Bd5 42. Rxc5 Bxb3 43. Rc7+ Kg6 44. Rxa7 Rd2 45. Ke3 Ra2 46. Bf1 Bd5 47. Rd7 h5 48. a7 Ra4 49. Bb5 Ra5 50. Bd3 Kh6 51. Bxf5 exf5 52. Rxd5 Rxa7 53. Kf4 Kg6 54. Rd6+ Kf7 55. Kxf5 Ra2 56. Rd7+ Kf8 57. Ke6 1-0

[Event "Wch U18 Girls"]
[Site "Porto Carras"]
[Date "2018.10.21"]
[Round "2"]
[White "Sargsyan, Anna M"]
[Black "Limanovska, Elizabete"]
[Result "1-0"]
[WhiteElo "2331"]
[BlackElo "2072"]
[PlyCount "69"]
[EventDate "2018.10.20"]
[EventType "swiss"]
[EventRounds "11"]
[EventCountry "GRE"]
[SourceTitle "CBM 187 Extra"]
[Source "ChessBase"]
[SourceDate "2018.11.04"]
[SourceVersion "1"]
[SourceVersionDate "2018.11.04"]
[SourceQuality "1"]

1. d4 Nf6 2. Nf3 b6 3. e3 Bb7 4. Bd3 g6 5. 0-0 Bg7 6. c4 e6 7. Nc3 c5 8. dxc5 bxc5 9. e4 d6 10. e5 dxe5 11. Nxe5 0-0 12. Qe2 Nc6 13. Nxc6 Bxc6 14. Be3 Qe7 15. Rad1 Rfd8 16. f3 Rab8 17. Rd2 Nd7 18. Ne4 Bd4 19. Kh1 Bxe3 20. Qxe3 f5 21. Nc3 e5 22. Re1 Re8 23. Bb1 Nb6 24. b3 Rbd8 25. Rxd8 Qxd8 26. Qxc5 Qd2 27. Rd1 Qxc3 28. Qxc6 Re7 29. h3 f4 30. Bxg6 Rd7 31. Qe6+ Kg7 32. Rxd7+ Nxd7 33. Qf7+ Kh6 34. Qxh7+ Kg5 35. h4+ 1-0

[Event "Olympiad Women-43"]
[Site "Batumi"]
[Date "2018.10.01"]
[Round "7.16"]
[White "Nassr, Lina"]
[Black "Limanovska, Elizabete"]
[Result "0-1"]
[WhiteElo "1854"]
[BlackElo "2064"]
[PlyCount "160"]
[EventDate "2018.09.24"]
[EventType "team-swiss"]
[EventRounds "11"]
[EventCountry "GEO"]
[SourceTitle "EXT 2020"]
[Source "ChessBase"]
[SourceDate "2019.10.17"]
[SourceVersion "1"]
[SourceVersionDate "2019.10.17"]
[SourceQuality "1"]
[WhiteTeam "Algeria (W)"]
[BlackTeam "Latvia (W)"]
[WhiteTeamCountry "ALG"]
[BlackTeamCountry "LAT"]

1. d4 Nf6 2. Nf3 e6 3. e3 b6 4. Bd3 Bb7 5. b3 c5 6. Bb2 g6 7. c4 Bg7 8. 0-0 0-0 9. Nc3 Nc6 10. Rc1 d6 11. Qe2 Qe7 12. Rfd1 Ne8 13. Bb1 f5 14. d5 Ne5 15. Nxe5 Bxe5 16. dxe6 Qxe6 17. Nd5 Rd8 18. Rc2 Nf6 19. Nxf6+ Qxf6 20. Bxe5 Qxe5 21. Rcd2 Rf6 22. Re1 Re8 23. f3 Rfe6 24. Qf2 Qf6 25. Bd3 Kg7 26. Rde2 Qc3 27. Rd1 Bc6 28. Qe1 Qf6 29. Qd2 Qe7 30. Kf2 a6 31. Rde1 b5 32. cxb5 axb5 33. Qc3+ Kg8 34. Qc2 d5 35. Qc3 c4 36. bxc4 dxc4 37. Bc2 Qc5 38. a3 f4 39. Kf1 fxe3 40. Qb4 Qxb4 41. axb4 Kf7 42. Ra1 R8e7 43. Ra3 Kf6 44. Bd1 Bd5 45. Re1 Re5 46. g3 g5 47. Ra6+ Kg7 48. Ra3 Bf7 49. Bc2 Bd5 50. Bd1 h5 51. h4 gxh4 52. gxh4 Kf6 53. Ra6+ R7e6 54. Ra3 Kf5 55. Kg2 Kf4 56. Be2 Rg6+ 57. Kh2 Re7 58. Bd1 Reg7 59. Raxe3 Rg2+ 60. Kh1 R2g3 61. Kh2 Bxf3 62. Bxf3 Rxf3 63. Re4+ Kf5 64. Re5+ Kf6 65. Rxb5 Rc7 66. Rc5 Rxc5 67. bxc5 Rf5 68. c6 Rc5 69. Kg3 Rxc6 70. Kf4 c3 71. Rc1 Rc4+ 72. Kg3 c2 73. Kf3 Kf5 74. Kg3 Rc3+ 75. Kf2 Kg4 76. Ke2 Kxh4 77. Kf2 Kg4 78. Rg1+ Kf4 79. Rc1 h4 80. Kg2 Ke3 0-1

[Event "LAT-chT"]
[Site "Riga"]
[Date "2018.09.08"]
[Round "4.3"]
[White "Berzina, Ilze"]
[Black "Limanovska, Elizabete"]
[Result "1-0"]
[WhiteElo "2218"]
[BlackElo "2060"]
[PlyCount "149"]
[EventDate "2018.06.09"]
[EventType "team-tourn"]
[EventRounds "11"]
[EventCountry "LAT"]
[SourceTitle "EXT 2019"]
[Source "ChessBase"]
[SourceDate "2018.10.10"]
[SourceVersion "1"]
[SourceVersionDate "2018.10.10"]
[SourceQuality "1"]
[WhiteTeam "Olaine"]
[BlackTeam "Rigas Saha School"]
[WhiteTeamCountry "LAT"]
[BlackTeamCountry "LAT"]

1. e4 c5 2. Nf3 d6 3. Bb5+ Nd7 4. 0-0 a6 5. Bd3 Ngf6 6. Re1 g6 7. c3 Bg7 8. Bc2 0-0 9. d4 e5 10. dxe5 Nxe5 11. Nxe5 dxe5 12. Qxd8 Rxd8 13. Be3 b6 14. h3 Be6 15. a4 Rac8 16. Nd2 Ne8 17. Red1 f5 18. exf5 gxf5 19. Bg5 Bf6 20. Bxf6 Nxf6 21. Nf1 Kf7 22. Ng3 Kg6 23. f3 c4 24. Kf2 Rd5 25. Rxd5 Nxd5 26. Re1 Rd8 27. Rxe5 Kf6 28. Re1 Nf4 29. Nf1 Nd3+ 30. Bxd3 Rxd3 31. f4 Bd7 32. Ne3 Bxa4 33. Nxc4 Bb5 34. Nxb6 Rd2+ 35. Kg3 Bc6 36. Nc4 Rxg2+ 37. Kh4 Rf2 38. Ne5 Bd5 39. Nd7+ Kf7 40. Kg5 Be4 41. Nc5 Rg2+ 42. Kh4 Rxb2 43. Nxe4 fxe4 44. Rxe4 Kf6 45. Kg4 Rb3 46. Rc4 a5 47. Rc6+ Kg7 48. c4 h5+ 49. Kxh5 Rxh3+ 50. Kg5 Rg3+ 51. Kf5 a4 52. Rc7+ Kh6 53. Ra7 a3 54. Ra6+ Kg7 55. Ra7+ Kh6 56. Ke4 Rc3 57. Kd4 Rf3 58. Ke4 Rc3 59. Kd5 Kg6 60. c5 Rd3+ 61. Ke6 Re3+ 62. Kd6 Rd3+ 63. Kc7 Kf5 64. Ra4 Rf3 65. c6 Rxf4 66. Rxa3 Ke6 67. Rd3 Rb4 68. Kc8 Rc4 69. c7 Ke7 70. Re3+ Kf6 71. Kb7 Rb4+ 72. Kc6 Rc4+ 73. Kd6 Kf7 74. Re5 Rd4+ 75. Rd5 1-0